000 01353nam a2200253Ia 4500
999 _c55681
_d55681
001 22776
003 GE_BSU
005 20230505145402.0
008 181216s ||||ge |||||||||||||| ||geo||
020 _a789941088346
040 _cGE_BSU
041 _ageo
080 _a821.353.1-83 ბ-97
100 _aბუღაძე, გია
_917392
245 _aსასურველი დიალოგის შესავალი /
_cგია ბუღაძე, დომინიკ ირტენკაუფი.
264 _aთბილისი :
_bმერწყული,
_c2016.
300 _a80 გვ. ;
_c14 სმ.
500 _aწიგნის ყდაზე : გია ბუღაძე, სერიიდან რაინის ოქრო. გია ბუღაძის დაბადებიდან მე-60 წლისთვის
520 _aწიგნის ყდაზე: გია ბუღაძე, სერიიდან რაინის ოქრო.გია ბუღაძის დაბადებიდან მე-60 წლისთვის
541 _h2 ლ.
653 _aსასურველი დიალოგის შესავალი
700 _aირტენკაუფი, დომინიკ
_eავტორი
_917996
942 _cBK
_2udc